| 000 | 00729nam a2200229Ia 4500 | ||
|---|---|---|---|
| 005 | 20250508165858.0 | ||
| 008 | 008 250505s9999 xx 000 0 eng d | ||
| 020 | _a978-0-8058-3711-7 | ||
| 037 | _aReference | ||
| 040 |
_aFEDL _beng _cFEDL |
||
| 041 |
_aeng _2eng |
||
| 084 |
_a809.892 82, BOT/RR _qFEDL |
||
| 100 |
_aBotelho Maria Jose _9617213 |
||
| 245 | 0 | _aCritical multicultural analysis of children's literature: Mirrors, windows and doors | |
| 260 |
_aLondon, UK _bRoutledge _c2009 |
||
| 300 | _axxi, 352p. | ||
| 365 |
_aGBP _b39.99 |
||
| 490 | _aLanguage, Culture and Teaching | ||
| 700 |
_a Rudman Masha Kabakow _9782282 |
||
| 942 |
_cREF _h809.892 82, BOT/RR |
||
| 999 |
_c1397969 _d1397969 |
||